UBT Library

Freedom Of Specech Decisons The United States Supreme Court (Record no. 50413)

000 -LEADER
fixed length control field 00310nam a22001217a 4500
008 - FIXED-LENGTH DATA ELEMENTS--GENERAL INFORMATION
fixed length control field 181022b xxu||||| |||| 00| 0 eng d
041 ## - LANGUAGE CODE
Language code of text/sound track or separate title eng
080 ## - UNIVERSAL DECIMAL CLASSIFICATION NUMBER
Universal Decimal Classification number 341
100 ## - Rafti
Rafti 15
101 ## - Shkurtesa
Shkurtesa JUR
245 ## - TITLE STATEMENT
Title Freedom Of Specech Decisons The United States Supreme Court
Statement of responsibility, etc Harrison.M,
942 ## - ADDED ENTRY ELEMENTS (KOHA)
Source of classification or shelving scheme
Item type Books
Holdings
Withdrawn status Lost status Source of classification or shelving scheme Damaged status Not for loan Collection code Permanent location Current location Shelving location Date acquired Total Checkouts Full call number Barcode Date last seen Price effective from Koha item type
          Koleksioni i përgjithshem UBT - Lipjan UBT - Lipjan Koleksioni i përgjithshem 10/22/2018   341 HAR 002-3015582 10/22/2018 10/22/2018 Books
UBT Library © 2015-2024. All rights reserved University Education for Business and Technology